Gaming Quiz

Random Gaming or Video Games Quiz
Score 0/30 Timer 10:00
0 Plays Today
Time in Medley (Console) Game % Correct
0:00 - 0:15 (WII)Wii Sports
84.3%
0:15 - 0:27 (N64)The Legend of Zelda: Ocarina of Time
65.4%
0:27 - 0:40 (GC)Super Smash Bros. Melee
60.4%
4:24 - 4:37 (WII)Super Smash Bros. Brawl
40.6%
3:36 - 3:46 (SNES)Donkey Kong Country
40.5%
2:12 - 2:25 (WII)Super Mario Galaxy
37.2%
3:25 - 3:36 (WII, GC)The Legend of Zelda: Twilight Princess
36.8%
1:37 - 1:52 (SNES)Super Mario World 2: Yoshi's Island
35.8%
5:01 - 5:10 (GC)Super Mario Sunshine
31.9%
1:06 - 1:17 (N64)Star Fox 64
28.9%
2:39 - 2:50 (GC)Pikmin
27.5%
0:52 - 1:06 (GBA)Pokémon Ruby/Sapphire
27.2%
0:40 - 0:52 (SNES)Kirby Super Star
22%
3:46 - 3:57 (DS)Pokémon Diamond/Pearl
20.2%
4:37 - 4:50 (SNES)Super Metroid
19.9%
Time in Medley (Console) Game % Correct
1:52 - 2:01 (DS)Animal Crossing: Wild World
18.8%
1:25 - 1:37 (GBA)WarioWare, Inc.: Mega Microgame$
18.4%
3:57 - 4:12 (GBA)Golden Sun
13.4%
1:17 - 1:25 (GC)Metroid Prime 2: Echoes
12.8%
4:50 - 5:01 (DS)The Legend of Zelda: Phantom Hourglass
10.1%
4:12 - 4:24 (N64)F-Zero X
9.8%
2:50 - 3:01 (SNES)Earthbound
9.3%
3:12 - 3:25 (GC)Kirby Air Ride
9.1%
2:25 - 2:39 (GBA)Fire Emblem (7)
7.8%
5:46 - 6:13 (GBA)Advance Wars
7.6%
5:33 - 5:46 (GC)Fire Emblem: Path of Radiance
5.3%
5:10 - 5:23 (N64)Diddy Kong Racing
5.3%
3:01 - 3:12 (N64)Wave Race 64
4%
2:01 - 2:12 (N64)Pilotwings 64
3.9%
5:23 - 5:33 (SNES)Super Punch-Out!!
2.8%
Come Together.
Have Fun.
All Virtual.
We all need to come together. Play Sporcle's virtual live trivia to have fun, connect with people, and get your trivia on. Join a live hosted trivia game for your favorite pub trivia experience done virtually. If a virtual private party is more your thing, go here for details.

You're not logged in!

Compare scores with friends on all Sporcle quizzes.
OR
Log In

Sporcle TV

Today on Sporcle TV


Watch our educational content, quiz creation guides, and fun videos on Sporcle TV.

Show Comments

Extras

Top Quizzes Today


Score Distribution

Paid Content

Your Account Isn't Verified!

In order to create a playlist on Sporcle, you need to verify the email address you used during registration. Go to your Sporcle Settings to finish the process.

Report this User

Report this user for behavior that violates our Community Guidelines.

Details: